000 00505nam a2200169Ia 4500
003 GCL
008 140319s9999 xx 000 0 ara d
040 _aGCL /
_cGCL
082 0 4 _a791.43
_bع ف
100 1 _aعادل حموده
245 1 0 _aفى صحة السينما المصرية /
_cعادل حموده
300 _a160 ص
650 0 4 _aالافلام السينمائية
650 0 4 _aالسينما المصرية - تاريخ
650 0 4 _aالافلام المصرية
942 _2ddc
_cBK
999 _c40048
_d40048